[Event "5. ODEM U25 2008"]
[Site "Willingen GER"]
[Date "2008.05.11"]
[Round "2"]
[White "Bömelburg, Raphael"]
[Black "Windjäger, Gerd"]
[Result "1/2-1/2"]
[Termination "normal"]
[Board "31"]
[WhiteElo "1852"]
[BlackElo "1535"]
[PlyCount "99"]
[WhiteFideId "24692441"]
[EventCountry "GER"]
[EventRounds "9"]
[EventType "swiss"]
[EventDate "2008.05.10"]

1. e4 c6 2. d4 d5 3. Nc3 dxe4 4. Nxe4 Nd7 5. Bc4 Ngf6 6. Ng3 e6 7. Nf3 Bd6 8.
O-O O-O 9. Qe2 Nb6 10. Bb3 Nbd5 11. Ne4 Nxe4 12. Qxe4 Nf6 13. Qe2 Qc7 14. Re1
c5 15. Be3 b6 16. Rad1 Bb7 17. dxc5 Bxc5 18. Bd4 Bxd4 19. Nxd4 Rfe8 20. f3 a6
21. c3 Qc5 22. Qe5 Qxe5 23. Rxe5 Red8 24. Kf2 Rd6 25. Re3 Rad8 26. h3 Nd5 27.
Bxd5 Rxd5 28. Rde1 Rc8 29. Re5 Kf8 30. Rxd5 Bxd5 31. a3 Rc5 32. Re3 g6 33. Nc2
a5 34. b4 Rc8 35. Nd4 Bc4 36. Re1 axb4 37. cxb4 Rd8 38. Rd1 Ra8 39. Rc1 Bd5 40.
Ra1 e5 41. Nb5 Bc6 42. Nd6 b5 43. Rc1 Be8 44. Nxe8 Kxe8 45. Rc5 f6 46. Rxb5
Rxa3 47. Rb6 Kf7 48. Rb7+ Kg8 49. g4 Rb3 50. h4 1/2-1/2

[Event "5. ODEM U25 2008"]
[Site "Willingen GER"]
[Date "2008.05.11"]
[Round "2"]
[White "Zuferi, Enis"]
[Black "Klebanov, Andrej"]
[Result "0-1"]
[Termination "normal"]
[Board "32"]
[WhiteElo "1462"]
[BlackElo "1850"]
[PlyCount "118"]
[WhiteFideId "24692530"]
[BlackFideId "24669989"]
[EventCountry "GER"]
[EventRounds "9"]
[EventType "swiss"]
[EventDate "2008.05.10"]

1. Nf3 d5 2. c4 e6 3. d4 Nf6 4. Bg5 Be7 5. e3 Nbd7 6. Nc3 O-O 7. Be2 h6 8. Bh4
b6 9. O-O Bb7 10. a3 c5 11. Rc1 Rc8 12. Qb3 dxc4 13. Bxc4 Bxf3 14. gxf3 cxd4
15. exd4 Ne8 16. Bg3 Bd6 17. Ne4 Ndf6 18. Rfd1 Bxg3 19. fxg3 Nd6 20. Nxd6 Qxd6
21. Qd3 Rfd8 22. Rc2 Rc7 23. Rcd2 Nd5 24. Ba2 Rdc8 25. Bb1 g6 26. f4 Kg7 27.
Qe4 Nf6 28. Qd3 Qd5 29. Bc2 a5 30. Bb3 Qe4 31. d5 exd5 32. Bxd5 Qxd3 33. Rxd3
Rc2 34. b3 Nxd5 35. Rxd5 Ra2 36. a4 Rcc2 37. Rb5 Rg2+ 38. Kh1 Rxh2+ 39. Kg1
Rhg2+ 40. Kh1 Rxg3 41. Rxb6 Rf3 42. Rb5 Rb2 43. Rxa5 Rbxb3 44. Rad5 Rxf4 45.
Ra1 Rg4 46. Kh2 Rb2+ 47. Kh3 Rc4 48. Rd3 Rb6 49. a5 Ra6 50. Rb3 g5 51. Rb6 Rxb6
52. axb6 Rb4 53. Ra6 Kg6 54. b7+ f6 55. Ra7 h5 56. Kg3 g4 57. Kg2 h4 58. Kh2
Rb2+ 59. Kh1 h3 0-1

[Event "5. ODEM U25 2008"]
[Site "Willingen GER"]
[Date "2008.05.11"]
[Round "2"]
[White "Dietz, Daniel"]
[Black "Richters, Marc"]
[Result "0-1"]
[Termination "normal"]
[Board "34"]
[WhiteElo "1421"]
[BlackElo "1961"]
[PlyCount "72"]
[BlackFideId "24612332"]
[EventCountry "GER"]
[EventRounds "9"]
[EventType "swiss"]
[EventDate "2008.05.10"]

1. e4 c5 2. Nf3 d6 3. Bc4 e6 4. Nc3 Nf6 5. d4 cxd4 6. Nxd4 a6 7. O-O b5 8. Bd3
Bb7 9. Bg5 Be7 10. Rc1 b4 11. Nce2 Nxe4 12. Bxe7 Qxe7 13. Bxe4 Bxe4 14. c3 bxc3
15. Nxc3 Bb7 16. Re1 O-O 17. Nf5 Qg5 18. Ng3 d5 19. Qd3 Bc8 20. Na4 Nd7 21. Nc5
Rb8 22. Qc3 h5 23. Nxd7 Bxd7 24. Qc7 Rfc8 25. Qd6 Rxc1 26. Qxb8+ Kh7 27. Qb4 h4
28. Rxc1 Qxc1+ 29. Nf1 Qc4 30. Qxc4 dxc4 31. Nd2 Bb5 32. f4 Kg6 33. Kf2 Kf5 34.
Kf3 Bc6+ 35. Kf2 Kxf4 36. Nxc4 Bd5 0-1

[Event "5. ODEM U25 2008"]
[Site "Willingen GER"]
[Date "2008.05.11"]
[Round "2"]
[White "Ludwig, Sebastian"]
[Black "Kuckling, Jonas"]
[Result "1-0"]
[Termination "normal"]
[Board "35"]
[WhiteElo "2036"]
[BlackElo "1420"]
[PlyCount "39"]
[WhiteFideId "4692780"]
[BlackFideId "24603856"]
[EventCountry "GER"]
[EventRounds "9"]
[EventType "swiss"]
[EventDate "2008.05.10"]

1. e4 c5 2. d4 cxd4 3. c3 dxc3 4. Nxc3 a6 5. a4 Qc7 6. Nf3 e6 7. Bd3 Be7 8. Be3
d6 9. O-O Nf6 10. Rc1 Nc6 11. b4 Qb8 12. b5 axb5 13. axb5 Nb4 14. Bb1 O-O 15.
Qd4 d5 16. e5 Nd7 17. Rfe1 Rd8 18. Bg5 Bc5 19. Qh4 Rf8 20. Qxh7# 1-0

[Event "5. ODEM U25 2008"]
[Site "Willingen GER"]
[Date "2008.05.11"]
[Round "2"]
[White "Reksten, Daniel"]
[Black "Seyrich, Maximilian"]
[Result "0-1"]
[Termination "normal"]
[Board "36"]
[WhiteElo "1400"]
[BlackElo "1943"]
[PlyCount "70"]
[WhiteFideId "24692590"]
[BlackFideId "24622427"]
[EventCountry "GER"]
[EventRounds "9"]
[EventType "swiss"]
[EventDate "2008.05.10"]

1. e4 e5 2. Nf3 Nf6 3. Nxe5 d6 4. Nf3 Nxe4 5. d3 Nf6 6. Be2 d5 7. O-O Bd6 8.
Be3 O-O 9. Nbd2 c5 10. c3 Nc6 11. Re1 Qc7 12. Rc1 Bg4 13. Nf1 b6 14. Qc2 Rfe8
15. Red1 h6 16. d4 c4 17. b3 b5 18. Rb1 Ne7 19. Ng3 Bxg3 20. hxg3 Bf5 21. Qb2
Bxb1 22. Rxb1 cxb3 23. Qxb3 a6 24. Bf4 Qc8 25. Ne5 Nc6 26. Bf3 Na5 27. Qc2 Nc4
28. Qd3 g5 29. Be3 Nxe3 30. fxe3 Qe6 31. Rf1 Rac8 32. Kh1 Rc7 33. Rc1 Rec8 34.
Kh2 Kg7 35. Rc2 Ne4 0-1

[Event "5. ODEM U25 2008"]
[Site "Willingen GER"]
[Date "2008.05.11"]
[Round "2"]
[White "Arnold, Sebastian"]
[Black "Kahleys, Kevin"]
[Result "0-1"]
[Termination "normal"]
[Board "37"]
[WhiteElo "1366"]
[BlackElo "1955"]
[PlyCount "74"]
[WhiteFideId "24692603"]
[BlackFideId "24669601"]
[EventCountry "GER"]
[EventRounds "9"]
[EventType "swiss"]
[EventDate "2008.05.10"]

1. e4 e6 2. d4 d5 3. exd5 exd5 4. Bd3 Nc6 5. c3 Bd6 6. Nf3 Nge7 7. Bg5 f6 8.
Be3 Bg4 9. Nbd2 Qd7 10. Qc2 O-O-O 11. O-O-O Rde8 12. h3 Bf5 13. g4 Bxd3 14.
Qxd3 f5 15. gxf5 Nxf5 16. Rde1 h6 17. Nh2 Rhf8 18. Nhf3 g5 19. Nb3 Nxe3 20.
Rxe3 Bf4 21. Nc5 Qf5 22. Qb5 Bxe3+ 23. fxe3 Qxf3 24. Qxb7+ Kd8 25. Qxc6 Qxh1+
26. Kc2 Qxh3 27. Nb7+ Ke7 28. Qxc7+ Kf6 29. Nc5 Qf5+ 30. Kb3 g4 31. Qd6+ Kg5
32. Qc7 Rf7 33. Qc6 Rxe3 34. Qa8 g3 35. Qg8+ Kh4 36. Qd8+ Kh3 37. Qd6 Rf6 0-1

[Event "5. ODEM U25 2008"]
[Site "Willingen GER"]
[Date "2008.05.11"]
[Round "2"]
[White "Hentschel, Tobias"]
[Black "Holle, Eric"]
[Result "1/2-1/2"]
[Termination "normal"]
[Board "38"]
[WhiteElo "1812"]
[BlackElo "1400"]
[PlyCount "78"]
[BlackFideId "4624610"]
[EventCountry "GER"]
[EventRounds "9"]
[EventType "swiss"]
[EventDate "2008.05.10"]

1. d4 Nf6 2. c4 e5 3. d5 c6 4. Nc3 Bb4 5. Bg5 Qa5 6. Bd2 d6 7. e3 cxd5 8. Nxd5
Nxd5 9. cxd5 Bf5 10. f3 Nd7 11. e4 Bg6 12. Bxb4 Qxb4+ 13. Qd2 Qxd2+ 14. Kxd2 f5
15. Bd3 O-O 16. Nh3 Nc5 17. b4 fxe4 18. bxc5 exd3 19. cxd6 Rad8 20. Rhe1 Rfe8
21. Nf2 Rxd6 22. Rab1 b6 23. Rb3 Rxd5 24. Nxd3 e4 25. fxe4 Rxe4 26. Rxe4 Bxe4
27. g3 Kf7 28. Ke3 Bxd3 29. Rxd3 Rxd3+ 30. Kxd3 Ke6 31. Kc4 a6 32. Kd4 b5 33.
Kc5 Ke5 34. Kb6 Kd5 35. Kxa6 Kc6 36. Ka5 Kc5 37. a3 g6 38. h3 h6 39. g4 g5
1/2-1/2

[Event "5. ODEM U25 2008"]
[Site "Willingen GER"]
[Date "2008.05.11"]
[Round "2"]
[White "Jorczik, Andreas"]
[Black "Brand, Benedikt"]
[Result "1-0"]
[Termination "normal"]
[Board "39"]
[WhiteElo "1820"]
[BlackElo "1314"]
[PlyCount "101"]
[WhiteFideId "24634921"]
[BlackFideId "24683744"]
[EventCountry "GER"]
[EventRounds "9"]
[EventType "swiss"]
[EventDate "2008.05.10"]

1. d4 d5 2. c4 c6 3. e3 Nf6 4. Nc3 e6 5. Nf3 Nbd7 6. Qc2 Qc7 7. cxd5 cxd5 8.
Bd3 Bd6 9. Bd2 a6 10. Rc1 O-O 11. Qb3 Qb6 12. Qc2 Qa7 13. e4 dxe4 14. Nxe4 Nxe4
15. Bxe4 Nf6 16. Bd3 h6 17. g4 Nd5 18. g5 h5 19. Bh7+ Kh8 20. Qe4 b5 21. g6
fxg6 22. Bxg6 Nf4 23. Ne5 Bxe5 24. Qxe5 Nxg6 25. Qxh5+ Kg8 26. Qxg6 Qxd4 27.
Qg2 Ra7 28. Bc3 Bb7 29. Bxd4 Bxg2 30. Rg1 Rd7 31. Bc5 Rc7 32. Rxg2 Rfc8 33. b4
a5 34. a3 Kf7 35. Rg3 Kf6 36. Rgc3 Kf5 37. Bd4 Rxc3 38. Rxc3 Rd8 39. Bb6 axb4
40. axb4 Rd5 41. Rc5 Ke4 42. Ke2 g6 43. f3+ Ke5 44. Ke3 Kf5 45. Rxd5+ exd5 46.
Kd4 Ke6 47. Kc5 Ke5 48. Kxb5 Kd6 49. h4 Kd7 50. Kc5 Ke6 51. Kc6 1-0

[Event "5. ODEM U25 2008"]
[Site "Willingen GER"]
[Date "2008.05.11"]
[Round "2"]
[White "Voggenreiter, Sara"]
[Black "Haase, Sebastian"]
[Result "1/2-1/2"]
[Termination "normal"]
[Board "40"]
[WhiteElo "1594"]
[BlackElo "1627"]
[PlyCount "103"]
[WhiteFideId "24615358"]
[EventCountry "GER"]
[EventRounds "9"]
[EventType "swiss"]
[EventDate "2008.05.10"]

1. e4 c5 2. Nf3 a6 3. d4 cxd4 4. Nxd4 e5 5. Nf3 Nf6 6. Nc3 Qc7 7. Be2 Bb4 8.
Qd3 d6 9. O-O Bxc3 10. bxc3 Nbd7 11. Ba3 Nc5 12. Bxc5 Qxc5 13. h3 O-O 14. Nd2
Be6 15. Nb3 Qc6 16. Nd2 Rac8 17. c4 Qc5 18. Rfd1 Rfd8 19. Kh1 Qxf2 20. Rab1 Rc7
21. Rb4 Qc5 22. a3 Nd7 23. Nb3 Qc6 24. Qxd6 Qxd6 25. Rxd6 Rdc8 26. Kg1 Kf8 27.
Nd2 Ke7 28. Rd3 Nc5 29. Rg3 g6 30. Bd3 Rd8 31. Kf2 Rcd7 32. Ke2 f5 33. Rf3 f4
34. Nb1 g5 35. g4 Bf7 36. Nc3 h5 37. Nd5+ Kf8 38. Rb1 Ne6 39. c3 Nc5 40. Kf2 h4
41. Ke2 Bxd5 42. cxd5 Rc8 43. Bc2 Ke7 44. Rb6 Rd6 45. Rxd6 Kxd6 46. Kd2 b5 47.
Rf1 Nd7 48. Bd3 Nb6 49. Ra1 Na4 50. Rc1 Nc5 51. Rb1 Na4 52. Rc1 1/2-1/2

[Event "5. ODEM U25 2008"]
[Site "Willingen GER"]
[Date "2008.05.11"]
[Round "2"]
[White "Eigemann, Julian"]
[Black "Briese, Annika"]
[Result "1-0"]
[Termination "normal"]
[Board "41"]
[WhiteElo "1604"]
[BlackElo "1289"]
[PlyCount "71"]
[WhiteFideId "24666599"]
[EventCountry "GER"]
[EventRounds "9"]
[EventType "swiss"]
[EventDate "2008.05.10"]

1. e4 e5 2. Nf3 Nc6 3. Nc3 Nf6 4. d4 exd4 5. Nxd4 Bc5 6. Nxc6 bxc6 7. Bc4 d6 8.
O-O O-O 9. Bg5 h6 10. Bh4 Qe7 11. Re1 Qe5 12. h3 Be6 13. Bxe6 fxe6 14. Na4 Bb6
15. Nxb6 cxb6 16. Bg3 Qxb2 17. Qxd6 Qxc2 18. Qxe6+ Kh8 19. f3 Rae8 20. Qd6 Rd8
21. Qb4 c5 22. Qb3 Qd2 23. Rad1 Qg5 24. Bd6 Rfe8 25. e5 Nh5 26. e6 Qg6 27. Kh1
Ng3+ 28. Bxg3 Rxd1 29. Qxd1 Qxg3 30. Re4 Qg6 31. Qd7 c4 32. Rg4 Qf6 33. Qxe8+
Kh7 34. Rxc4 Qa1+ 35. Kh2 Qe5+ 36. f4 1-0

[Event "5. ODEM U25 2008"]
[Site "Willingen GER"]
[Date "2008.05.11"]
[Round "2"]
[White "Reiser, Marck"]
[Black "Janiesch, Maike"]
[Result "1/2-1/2"]
[Termination "normal"]
[Board "42"]
[WhiteElo "1294"]
[BlackElo "1698"]
[PlyCount "86"]
[WhiteFideId "24684678"]
[EventCountry "GER"]
[EventRounds "9"]
[EventType "swiss"]
[EventDate "2008.05.10"]

1. e4 d5 2. exd5 Qxd5 3. Nc3 Qa5 4. d4 c6 5. Nf3 Nf6 6. Bc4 Bg4 7. Qd3 Qc7 8.
O-O Nbd7 9. Re1 Bxf3 10. Qxf3 e6 11. Bb3 Bd6 12. h3 O-O-O 13. Ne4 Nxe4 14. Qxe4
Nf6 15. Qd3 Bc5 16. c3 h6 17. Qe2 Bd6 18. Bc2 Rhe8 19. Bd2 e5 20. dxe5 Bxe5 21.
Be3 Kb8 22. Qf3 Nd5 23. Rad1 f6 24. Be4 Nxe3 25. Rxe3 Rxd1+ 26. Qxd1 Rd8 27.
Rd3 Rxd3 28. Qxd3 Qe7 29. Bf5 Kc7 30. Qe4 Qf7 31. f4 Bd6 32. Be6 Qe7 33. f5 Bg3
34. Qd3 Qd6 35. Qd4 b6 36. Kf1 Qxd4 37. cxd4 Kd6 38. Ke2 g6 39. Kf3 gxf5 40.
Bxf5 Bh2 41. Ke4 Bg1 42. g4 Bf2 43. Bc8 Bg1 1/2-1/2

[Event "5. ODEM U25 2008"]
[Site "Willingen GER"]
[Date "2008.05.11"]
[Round "2"]
[White "Maßloch, Philipp"]
[Black "Nobis, Philipp"]
[Result "1-0"]
[Termination "normal"]
[Board "43"]
[WhiteElo "1585"]
[BlackElo "1260"]
[PlyCount "83"]
[WhiteFideId "24692476"]
[BlackFideId "24602183"]
[EventCountry "GER"]
[EventRounds "9"]
[EventType "swiss"]
[EventDate "2008.05.10"]

1. e4 c5 2. Nf3 Nc6 3. d4 cxd4 4. Nxd4 g6 5. Nc3 Bg7 6. Be3 Nf6 7. Be2 d6 8.
Qd2 Bd7 9. O-O-O Rc8 10. f3 a6 11. Nxc6 Rxc6 12. Bh6 O-O 13. h4 b5 14. h5 Rxc3
15. Bxg7 Rxc2+ 16. Qxc2 Kxg7 17. hxg6 fxg6 18. Qd2 Qc7+ 19. Kb1 Be6 20. g4 Rb8
21. Qh6+ Kf7 22. g5 Nh5 23. Qxh7+ Kf8 24. Qxg6 Bf7 25. Qh7 Ke8 26. Rxh5 Bxh5
27. Qxh5+ Kd7 28. Qg4+ e6 29. g6 Rg8 30. g7 Qd8 31. e5 d5 32. Bd3 Qe7 33. Rg1
Qc5 34. Bh7 Rc8 35. g8=Q Rxg8 36. Qxg8 d4 37. Qf7+ Kc6 38. Rc1 Qxc1+ 39. Kxc1
d3 40. Qxe6+ Kc5 41. Bxd3 b4 42. Qd6# 1-0

[Event "5. ODEM U25 2008"]
[Site "Willingen GER"]
[Date "2008.05.11"]
[Round "2"]
[White "Alt, Elisabeth"]
[Black "Preiß, Vincent"]
[Result "0-1"]
[Termination "normal"]
[Board "44"]
[WhiteElo "1275"]
[BlackElo "1580"]
[PlyCount "74"]
[WhiteFideId "24692620"]
[BlackFideId "24660850"]
[EventCountry "GER"]
[EventRounds "9"]
[EventType "swiss"]
[EventDate "2008.05.10"]

1. e4 e5 2. d4 exd4 3. c3 dxc3 4. Bc4 cxb2 5. Bxb2 d5 6. Bxd5 Nf6 7. Bxf7+ Kxf7
8. Qxd8 Bb4+ 9. Qd2 Bxd2+ 10. Nxd2 Re8 11. e5 Nd5 12. O-O-O Nc6 13. Nc4 Be6 14.
Nf3 h6 15. h3 Ndb4 16. Na3 Nxa2+ 17. Kb1 Nab4 18. Nb5 Bf5+ 19. Ka1 Nc2+ 20. Ka2
N6b4+ 21. Kb3 a5 22. Nxc7 a4+ 23. Kc3 Rec8 24. Kd2 Rxc7 25. e6+ Bxe6 26. Ne5+
Kg8 27. Rhe1 Nxe1 28. Rxe1 Rd8+ 29. Ke2 Rc2+ 30. Kf3 Rxb2 31. g4 Bd5+ 32. Kg3
Rb3+ 33. f3 Bxf3 34. Nxf3 Rdd3 35. Rf1 Rxf3+ 36. Rxf3 Rxf3+ 37. Kxf3 a3 0-1

[Event "5. ODEM U25 2008"]
[Site "Willingen GER"]
[Date "2008.05.11"]
[Round "2"]
[White "Kostka, Daniel"]
[Black "Biefel, Christian"]
[Result "1-0"]
[Termination "normal"]
[Board "45"]
[WhiteElo "1572"]
[BlackElo "1239"]
[PlyCount "105"]
[BlackFideId "24692646"]
[EventCountry "GER"]
[EventRounds "9"]
[EventType "swiss"]
[EventDate "2008.05.10"]

1. e4 e5 2. Nf3 Nc6 3. Bb5 a6 4. Bxc6 bxc6 5. Nxe5 Qe7 6. Nc4 Qxe4+ 7. Ne3 Nf6
8. O-O Bd6 9. Re1 O-O 10. d3 Qh4 11. h3 Nd5 12. Nf5 Qf6 13. Nxd6 Qxd6 14. Nd2
Bb7 15. Ne4 Qg6 16. Nc5 Bc8 17. Qf3 d6 18. Ne4 Re8 19. Bd2 f5 20. Nc3 Nxc3 21.
Rxe8+ Qxe8 22. Bxc3 Bd7 23. Re1 Qf7 24. Qg3 g6 25. Qg5 Be6 26. Qh6 Re8 27. h4
c5 28. Re3 d5 29. Be5 c6 30. h5 Qf8 31. Qg5 Bf7 32. Qf6 Rxe5 33. Rxe5 Qh6 34.
Qh4 Qc1+ 35. Kh2 Qxc2 36. hxg6 hxg6 37. Re3 Qxb2 38. Qd8+ Kg7 39. Qe7 Qxf2 40.
Qxc5 Qf4+ 41. Kg1 Qa4 42. Qc1 Qb5 43. Rh3 c5 44. Qh6+ Kf6 45. Qh8+ Ke7 46. Qe5+
Kd8 47. Qf6+ Kc8 48. Qxf7 Qb1+ 49. Kh2 Qb8+ 50. Rg3 f4 51. Qf8+ Kb7 52. Qxb8+
Kxb8 53. Rxg6 1-0

[Event "5. ODEM U25 2008"]
[Site "Willingen GER"]
[Date "2008.05.11"]
[Round "2"]
[White "Kempe, Markus"]
[Black "Wolkow, Michael"]
[Result "0-1"]
[Termination "normal"]
[Board "46"]
[WhiteElo "1243"]
[BlackElo "1566"]
[PlyCount "48"]
[WhiteFideId "24692638"]
[EventCountry "GER"]
[EventRounds "9"]
[EventType "swiss"]
[EventDate "2008.05.10"]

1. e4 e5 2. Nf3 Nc6 3. Bc4 Bc5 4. c3 Nf6 5. d4 exd4 6. cxd4 Bb4+ 7. Bd2 Bxd2+
8. Nbxd2 d5 9. exd5 Nxd5 10. Qb3 Nce7 11. Ne5 O-O 12. O-O c6 13. f4 Nf5 14.
Rfe1 Nxd4 15. Qd3 Nxf4 16. Qg3 Nde6 17. Rad1 Qd4+ 18. Kh1 Rd8 19. Nxf7 Kxf7 20.
Rf1 Ke8 21. Rfe1 Rd6 22. Re4 Qxe4 23. Re1 Qxg2+ 24. Qxg2 Nxg2 0-1

[Event "5. ODEM U25 2008"]
[Site "Willingen GER"]
[Date "2008.05.11"]
[Round "2"]
[White "Popp, Maximilian"]
[Black "Schirra, Felix"]
[Result "1/2-1/2"]
[Termination "normal"]
[Board "47"]
[WhiteElo "1560"]
[BlackElo "1197"]
[PlyCount "33"]
[WhiteFideId "24673668"]
[BlackFideId "24692662"]
[EventCountry "GER"]
[EventRounds "9"]
[EventType "swiss"]
[EventDate "2008.05.10"]

1. e4 c5 2. Nc3 Nc6 3. f4 e6 4. Nf3 Nge7 5. e5 a6 6. Ne4 Ng6 7. d4 d5 8. exd6
Bxd6 9. dxc5 Bxf4 10. Qxd8+ Kxd8 11. Bxf4 Nxf4 12. O-O-O+ Ke7 13. Nd6 Rb8 14.
Nd4 Bd7 15. Nc4 Nd5 16. Be2 Rhc8 17. Nf5+ 1/2-1/2

[Event "5. ODEM U25 2008"]
[Site "Willingen GER"]
[Date "2008.05.11"]
[Round "2"]
[White "Bangert, Benjamin"]
[Black "Wagner, Thomas"]
[Result "1-0"]
[Termination "normal"]
[Board "48"]
[WhiteElo "1227"]
[BlackElo "1554"]
[PlyCount "65"]
[WhiteFideId "24692654"]
[EventCountry "GER"]
[EventRounds "9"]
[EventType "swiss"]
[EventDate "2008.05.10"]

1. c4 Nf6 2. Nc3 g6 3. g3 Bg7 4. Bg2 O-O 5. Nf3 d6 6. O-O Nc6 7. d4 e5 8. Be3
Ng4 9. b3 Nxe3 10. fxe3 f5 11. Rc1 e4 12. Ne1 Qg5 13. Nc2 Nb4 14. Nxb4 Qxe3+
15. Kh1 Bxd4 16. Nc2 Qxc3 17. Qxd4 Qxd4 18. Nxd4 Bd7 19. g4 c5 20. Nc2 Bc6 21.
gxf5 gxf5 22. Rg1 Kh8 23. Rcf1 f4 24. e3 f3 25. Bh3 Rf6 26. b4 Rh6 27. Rg3 Rg8
28. Rxg8+ Kxg8 29. Bc8 Kf7 30. b5 Be8 31. Bxb7 Rg6 32. Bxe4 Rg2 33. Rxf3+ 1-0

[Event "5. ODEM U25 2008"]
[Site "Willingen GER"]
[Date "2008.05.11"]
[Round "2"]
[White "Bauer, Hermann"]
[Black "Kuckling, Linus"]
[Result "1-0"]
[Termination "normal"]
[Board "49"]
[WhiteElo "1549"]
[BlackElo "1181"]
[PlyCount "107"]
[WhiteFideId "24601730"]
[BlackFideId "24658243"]
[EventCountry "GER"]
[EventRounds "9"]
[EventType "swiss"]
[EventDate "2008.05.10"]

1. d4 Nf6 2. Bf4 e6 3. e3 Bb4+ 4. c3 Be7 5. Nd2 O-O 6. Bd3 Nc6 7. Ngf3 d6 8.
Bc2 Bd7 9. h3 e5 10. dxe5 dxe5 11. Nxe5 Re8 12. Nxd7 Qxd7 13. O-O Red8 14. Ne4
Qe6 15. Nxf6+ Bxf6 16. Qh5 g6 17. Qe2 Rd7 18. Bb3 Qe7 19. Rfd1 Rad8 20. Rxd7
Rxd7 21. Rd1 Na5 22. Rxd7 Qxd7 23. Bc2 c6 24. Qd3 Qxd3 25. Bxd3 b5 26. Bb8 a6
27. Ba7 Nb7 28. Bd4 Bxd4 29. exd4 Nd8 30. Be4 f5 31. Bf3 Kf7 32. g4 fxg4 33.
hxg4 Kf6 34. Be4 Kg5 35. f3 h5 36. gxh5 gxh5 37. Kg2 h4 38. b3 a5 39. d5 cxd5
40. Bxd5 b4 41. c4 Kf5 42. Kh3 Kg5 43. c5 Kh5 44. c6 Nxc6 45. Bxc6 Kg5 46. Be4
Kh5 47. Bf5 Kg5 48. Bg4 Kf4 49. Kxh4 Ke5 50. Kg5 Kd4 51. f4 Kc3 52. Bd7 Kb2 53.
f5 Kxa2 54. Ba4 1-0

[Event "5. ODEM U25 2008"]
[Site "Willingen GER"]
[Date "2008.05.11"]
[Round "2"]
[White "Neumair, Dorian"]
[Black "Carow, Annelen"]
[Result "0-1"]
[Termination "normal"]
[Board "50"]
[WhiteElo "1184"]
[BlackElo "1542"]
[PlyCount "46"]
[BlackFideId "24692492"]
[EventCountry "GER"]
[EventRounds "9"]
[EventType "swiss"]
[EventDate "2008.05.10"]

1. e4 e5 2. Nf3 Nc6 3. Bb5 Nf6 4. Nc3 Nd4 5. Ba4 Bc5 6. O-O O-O 7. d3 d6 8. Be3
Bg4 9. Bxd4 Bxd4 10. Nd5 Nxd5 11. exd5 Qf6 12. c3 Bb6 13. Qe2 Bxf3 14. gxf3 Qh6
15. Kh1 f5 16. Rg1 Qh4 17. Rg2 Qxa4 18. Rag1 g6 19. Qd2 f4 20. b3 Qd7 21. d4
Rae8 22. Qd3 Qf5 23. Qxf5 Rxf5 0-1

[Event "5. ODEM U25 2008"]
[Site "Willingen GER"]
[Date "2008.05.11"]
[Round "2"]
[White "Berger, Manuel"]
[Black "Kilic, Ahmet"]
[Result "1-0"]
[Termination "normal"]
[Board "51"]
[WhiteElo "1541"]
[BlackElo "1171"]
[PlyCount "73"]
[WhiteFideId "24692506"]
[EventCountry "GER"]
[EventRounds "9"]
[EventType "swiss"]
[EventDate "2008.05.10"]

1. c4 d6 2. Nc3 e5 3. g3 Nc6 4. Bg2 Bf5 5. e4 Bg6 6. Nge2 Nf6 7. d3 Be7 8. O-O
Qd7 9. Rb1 a6 10. b4 b6 11. f4 Rd8 12. f5 Bh5 13. h3 Bxe2 14. Qxe2 Nd4 15. Qf2
c5 16. bxc5 bxc5 17. Be3 Nc6 18. a3 a5 19. Rb5 O-O 20. Rfb1 Ne8 21. Nd5 Nc7 22.
Rb7 Rc8 23. Nb6 Qd8 24. Nxc8 Qxc8 25. h4 Na6 26. g4 g6 27. Bh3 Qa8 28. g5 Nab8
29. f6 Nd7 30. Rxd7 Qc8 31. fxe7 Nxe7 32. Rxe7 Kg7 33. Qf6+ Kg8 34. Be6 Qd8 35.
Bxf7+ Rxf7 36. Qxf7+ Kh8 37. Qg7# 1-0

[Event "5. ODEM U25 2008"]
[Site "Willingen GER"]
[Date "2008.05.11"]
[Round "2"]
[White "Nitze, Florian"]
[Black "Kreyssig, Bruno"]
[Result "1-0"]
[Termination "normal"]
[Board "52"]
[WhiteElo "1530"]
[BlackElo "1034"]
[PlyCount "59"]
[WhiteFideId "24603902"]
[BlackFideId "4692489"]
[EventCountry "GER"]
[EventRounds "9"]
[EventType "swiss"]
[EventDate "2008.05.10"]

1. d4 Nf6 2. c4 g6 3. Nc3 Bg7 4. e4 d6 5. f3 O-O 6. Be3 Nbd7 7. Qd2 Re8 8. Bd3
e5 9. d5 c5 10. Nge2 Nb6 11. O-O Bd7 12. Bg5 h6 13. Bxh6 Bxh6 14. Qxh6 Rc8 15.
Qd2 a6 16. Ng3 Qc7 17. Rae1 Kg7 18. f4 Rh8 19. f5 Rh6 20. fxg6 Rxg6 21. Nf5+
Bxf5 22. exf5 Rh6 23. Ne4 Nxe4 24. Rxe4 Rch8 25. Qg5+ Kf8 26. Rg4 Ke8 27. f6
Kd7 28. Bf5+ Ke8 29. Qg8+ Rxg8 30. Rxg8# 1-0

[Event "5. ODEM U25 2008"]
[Site "Willingen GER"]
[Date "2008.05.11"]
[Round "2"]
[White "Wachinger, David"]
[Black "Kinzel, Franziska"]
[Result "0-1"]
[Termination "normal"]
[Board "53"]
[WhiteElo "1179"]
[BlackElo "1526"]
[PlyCount "120"]
[WhiteFideId "24692689"]
[EventCountry "GER"]
[EventRounds "9"]
[EventType "swiss"]
[EventDate "2008.05.10"]

1. d4 c6 2. c4 d5 3. Nc3 Nf6 4. Bg5 e6 5. Nf3 Be7 6. e3 Nbd7 7. Bd3 O-O 8. O-O
Bd6 9. Qc2 h6 10. Bxf6 Qxf6 11. Rfe1 Qd8 12. a3 f6 13. Bh7+ Kh8 14. Nh4 f5 15.
Ng6+ Kxh7 16. Nxf8+ Qxf8 17. cxd5 exd5 18. Rac1 Nf6 19. Ne2 g6 20. Rf1 Qe7 21.
Qd3 Bd7 22. h3 Re8 23. Rc2 f4 24. exf4 Bf5 25. Qf3 Bxc2 26. Re1 Be4 27. Qe3 Bf5
28. Ng3 Qxe3 29. Rxe3 Rxe3 30. fxe3 Be4 31. Kf2 g5 32. fxg5 Bxg3+ 33. Kxg3 hxg5
34. h4 gxh4+ 35. Kxh4 Kg6 36. g4 Bf3 37. g5 Ne4 38. Kh3 Nxg5+ 39. Kh2 Kf5 40.
Kg3 Ke4 41. Kf2 Nh3+ 42. Kg3 Kxe3 43. Kxh3 Kxd4 44. Kg3 Ke4 45. Kf2 d4 46. Ke1
c5 47. Kd2 c4 48. Kc1 b5 49. Kd2 d3 50. Ke1 Ke3 51. Kf1 d2 52. Kg1 d1=Q+ 53.
Kh2 Qh1+ 54. Kg3 Bc6 55. Kg4 Qf3+ 56. Kg5 Be8 57. Kh6 Qg4 58. Kh7 Qg6+ 59. Kh8
Bf7 60. b4 Qg8# 0-1

[Event "5. ODEM U25 2008"]
[Site "Willingen GER"]
[Date "2008.05.11"]
[Round "2"]
[White "Hansch, Stephan"]
[Black "Hager, Jason Armin"]
[Result "1-0"]
[Termination "normal"]
[Board "54"]
[WhiteElo "1515"]
[BlackElo "1013"]
[PlyCount "57"]
[EventCountry "GER"]
[EventRounds "9"]
[EventType "swiss"]
[EventDate "2008.05.10"]

1. d4 Nf6 2. c4 d5 3. e3 Nc6 4. Nc3 Bf5 5. a3 e6 6. Nf3 Bd6 7. Be2 O-O 8. O-O
Qd7 9. cxd5 exd5 10. Qb3 Rab8 11. Nxd5 Qe6 12. Nxf6+ gxf6 13. d5 Qe4 14. dxc6
bxc6 15. Qc4 Rfe8 16. Qxe4 Rxe4 17. Bd3 Kh8 18. Bxe4 Bxe4 19. b4 Rg8 20. Bb2
Be5 21. Bxe5 fxe5 22. Nh4 Rg4 23. f3 Rxh4 24. fxe4 Rxe4 25. Rxf7 Rxe3 26. Rxc7
Rc3 27. Rd1 Rd3 28. Rxd3 e4 29. Rd8# 1-0